<?xml version="1.0" encoding="UTF-8"?>
<record
    xmlns:xsi="http://www.w3.org/2001/XMLSchema-instance"
    xsi:schemaLocation="http://www.loc.gov/MARC21/slim http://www.loc.gov/standards/marcxml/schema/MARC21slim.xsd"
    xmlns="http://www.loc.gov/MARC21/slim">

  <leader>00550nam a22001577a 4500</leader>
  <controlfield tag="003">OSt</controlfield>
  <controlfield tag="005">20151209155038.0</controlfield>
  <controlfield tag="008">151209b        xxu||||| |||| 00| 0 eng d</controlfield>
  <datafield tag="040" ind1=" " ind2=" ">
    <subfield code="c">RUA </subfield>
  </datafield>
  <datafield tag="082" ind1=" " ind2=" ">
    <subfield code="a">ATM CHO 2012 B199 Or.199 </subfield>
  </datafield>
  <datafield tag="100" ind1=" " ind2=" ">
    <subfield code="9">4611</subfield>
    <subfield code="a">CHOEM SOVANNARA; &#x1787;&#x17B9;&#x1798; &#x179F;&#x17BB;&#x179C;&#x178E;&#x17D2;&#x178E;&#x17B6;&#x179A;&#x17B6;.</subfield>
  </datafield>
  <datafield tag="245" ind1=" " ind2=" ">
    <subfield code="a">Transformantion to waste fried oil; &#x1780;&#x17B6;&#x179A;&#x1780;&#x17C2;&#x1785;&#x17D2;&#x1793;&#x17C3;&#x179F;&#x17C6;&#x178E;&#x179B;&#x17CB;&#x1794;&#x17D2;&#x179A;&#x17C1;&#x1784;&#x1786;&#x17B6;&#x1787;&#x17B6;&#x1798;&#x17C9;&#x17B6;&#x179F;&#x17CA;&#x17BC;&#x178F;&#x1787;&#x17B8;&#x179C;&#x17C8;</subfield>
  </datafield>
  <datafield tag="260" ind1=" " ind2=" ">
    <subfield code="a">Phnom Penh </subfield>
    <subfield code="b">RUA </subfield>
    <subfield code="c">2012</subfield>
  </datafield>
  <datafield tag="300" ind1=" " ind2=" ">
    <subfield code="a">ix; 32p.</subfield>
    <subfield code="b">ill.</subfield>
    <subfield code="c">29cm.</subfield>
  </datafield>
  <datafield tag="942" ind1=" " ind2=" ">
    <subfield code="2">ddc</subfield>
    <subfield code="c">ATM</subfield>
  </datafield>
  <datafield tag="999" ind1=" " ind2=" ">
    <subfield code="c">4296</subfield>
    <subfield code="d">4296</subfield>
  </datafield>
  <datafield tag="952" ind1=" " ind2=" ">
    <subfield code="0">0</subfield>
    <subfield code="1">0</subfield>
    <subfield code="2">ddc</subfield>
    <subfield code="4">0</subfield>
    <subfield code="6">ATM_CHO_2012_000000000000000_B199_OR_1</subfield>
    <subfield code="7">0</subfield>
    <subfield code="9">21770</subfield>
    <subfield code="a">LBB</subfield>
    <subfield code="b">LBB</subfield>
    <subfield code="c">B199</subfield>
    <subfield code="d">2015-12-09</subfield>
    <subfield code="l">4</subfield>
    <subfield code="o">ATM CHO 2012 B199 Or.1</subfield>
    <subfield code="p">RUA047707</subfield>
    <subfield code="r">2016-08-10</subfield>
    <subfield code="s">2016-08-10</subfield>
    <subfield code="w">2015-12-09</subfield>
    <subfield code="y">ATM</subfield>
  </datafield>
  <datafield tag="952" ind1=" " ind2=" ">
    <subfield code="0">0</subfield>
    <subfield code="1">0</subfield>
    <subfield code="2">ddc</subfield>
    <subfield code="4">0</subfield>
    <subfield code="6">ATM_CHO_2012_000000000000000_B199_OR_2</subfield>
    <subfield code="7">0</subfield>
    <subfield code="9">21771</subfield>
    <subfield code="a">LBB</subfield>
    <subfield code="b">LBB</subfield>
    <subfield code="c">B199</subfield>
    <subfield code="d">2015-12-09</subfield>
    <subfield code="l">1</subfield>
    <subfield code="o">ATM CHO 2012 B199 Or.2</subfield>
    <subfield code="p">RUA047828</subfield>
    <subfield code="r">2016-06-09</subfield>
    <subfield code="s">2016-06-06</subfield>
    <subfield code="w">2015-12-09</subfield>
    <subfield code="y">ATM</subfield>
  </datafield>
  <datafield tag="952" ind1=" " ind2=" ">
    <subfield code="0">0</subfield>
    <subfield code="1">0</subfield>
    <subfield code="2">ddc</subfield>
    <subfield code="4">0</subfield>
    <subfield code="6">ATM_CHO_2012_000000000000000_B199_OR_3</subfield>
    <subfield code="7">0</subfield>
    <subfield code="9">21772</subfield>
    <subfield code="a">LBB</subfield>
    <subfield code="b">LBB</subfield>
    <subfield code="c">B199</subfield>
    <subfield code="d">2015-12-09</subfield>
    <subfield code="l">2</subfield>
    <subfield code="o">ATM CHO 2012 B199 Or.3</subfield>
    <subfield code="p">RUA047825</subfield>
    <subfield code="r">2016-08-01</subfield>
    <subfield code="s">2016-07-04</subfield>
    <subfield code="w">2015-12-09</subfield>
    <subfield code="y">ATM</subfield>
  </datafield>
  <datafield tag="952" ind1=" " ind2=" ">
    <subfield code="0">0</subfield>
    <subfield code="1">0</subfield>
    <subfield code="2">ddc</subfield>
    <subfield code="4">0</subfield>
    <subfield code="6">ATM_CHO_2012_000000000000000_B199_OR_4</subfield>
    <subfield code="7">0</subfield>
    <subfield code="9">37085</subfield>
    <subfield code="a">LBB</subfield>
    <subfield code="b">LBB</subfield>
    <subfield code="c">B199</subfield>
    <subfield code="d">2016-02-04</subfield>
    <subfield code="o">ATM CHO 2012 B199 Or.4</subfield>
    <subfield code="p">RUA050823</subfield>
    <subfield code="r">2016-02-04</subfield>
    <subfield code="w">2016-02-04</subfield>
    <subfield code="y">ATM</subfield>
  </datafield>
  <datafield tag="952" ind1=" " ind2=" ">
    <subfield code="0">0</subfield>
    <subfield code="1">0</subfield>
    <subfield code="2">ddc</subfield>
    <subfield code="4">0</subfield>
    <subfield code="6">ATM_CHO_2012_000000000000000_B199_OR_5</subfield>
    <subfield code="7">0</subfield>
    <subfield code="9">37086</subfield>
    <subfield code="a">LBB</subfield>
    <subfield code="b">LBB</subfield>
    <subfield code="c">B199</subfield>
    <subfield code="d">2016-02-04</subfield>
    <subfield code="l">1</subfield>
    <subfield code="m">2</subfield>
    <subfield code="o">ATM CHO 2012 B199 Or.5</subfield>
    <subfield code="p">RUA051940</subfield>
    <subfield code="r">2016-12-09</subfield>
    <subfield code="s">2016-10-17</subfield>
    <subfield code="w">2016-02-04</subfield>
    <subfield code="y">ATM</subfield>
  </datafield>
  <datafield tag="952" ind1=" " ind2=" ">
    <subfield code="0">0</subfield>
    <subfield code="1">0</subfield>
    <subfield code="2">ddc</subfield>
    <subfield code="4">0</subfield>
    <subfield code="6">ATM_CHO_2012_000000000000000_B199_OR_6</subfield>
    <subfield code="7">0</subfield>
    <subfield code="9">37087</subfield>
    <subfield code="a">LBB</subfield>
    <subfield code="b">LBB</subfield>
    <subfield code="c">B199</subfield>
    <subfield code="d">2016-02-04</subfield>
    <subfield code="l">1</subfield>
    <subfield code="o">ATM CHO 2012 B199 Or.6</subfield>
    <subfield code="p">RUA051096</subfield>
    <subfield code="r">2016-07-13</subfield>
    <subfield code="s">2016-07-12</subfield>
    <subfield code="w">2016-02-04</subfield>
    <subfield code="y">ATM</subfield>
  </datafield>
  <datafield tag="952" ind1=" " ind2=" ">
    <subfield code="0">0</subfield>
    <subfield code="1">0</subfield>
    <subfield code="2">ddc</subfield>
    <subfield code="4">0</subfield>
    <subfield code="6">ATM_CHO_2012_000000000000000_B199_OR_7</subfield>
    <subfield code="7">0</subfield>
    <subfield code="9">37088</subfield>
    <subfield code="a">LBB</subfield>
    <subfield code="b">LBB</subfield>
    <subfield code="c">B199</subfield>
    <subfield code="d">2016-02-04</subfield>
    <subfield code="l">4</subfield>
    <subfield code="o">ATM CHO 2012 B199 Or.7</subfield>
    <subfield code="p">RUA047433</subfield>
    <subfield code="r">2025-10-02</subfield>
    <subfield code="s">2025-09-15</subfield>
    <subfield code="w">2016-02-04</subfield>
    <subfield code="y">ATM</subfield>
  </datafield>
  <datafield tag="952" ind1=" " ind2=" ">
    <subfield code="0">0</subfield>
    <subfield code="1">0</subfield>
    <subfield code="2">ddc</subfield>
    <subfield code="4">0</subfield>
    <subfield code="6">ATM_CHO_2012_000000000000000_B1_214_OR_1</subfield>
    <subfield code="7">0</subfield>
    <subfield code="9">77730</subfield>
    <subfield code="a">LBB</subfield>
    <subfield code="b">LBB</subfield>
    <subfield code="c">B1.214</subfield>
    <subfield code="d">2019-01-22</subfield>
    <subfield code="o">ATM CHO 2012 B1.214 Or.1</subfield>
    <subfield code="p">A36615</subfield>
    <subfield code="r">2019-01-22</subfield>
    <subfield code="w">2019-01-22</subfield>
    <subfield code="y">ATM</subfield>
  </datafield>
</record>
